000 nam a22 7a 4500
999 _c10783
_d10783
008 180223b ||||| |||| 00| 0 eng d
100 _aMCC
_96625
245 _aMadras Christian College
260 _aChennai
_bMCC
_c2011